Тесты, деловые игры, тренинги в управлении персоналом: учебник для вузов

Detaylı Bibliyografya
Yazar: Пугачев В. П. Василий Павлович
Dil:Rusça
Baskı/Yayın Bilgisi: Москва, Аспект Пресс, 2000
Seri Bilgileri:Управление персоналом
Konular:
Materyal Türü: Kitap
KOHA link:https://koha.lib.tpu.ru/cgi-bin/koha/opac-detail.pl?biblionumber=26600

MARC

LEADER 00000nam0a2200000 4500
001 26600
005 20231030201706.0
010 |a 5756702407 
035 |a (RuTPU)RU\TPU\book\26844 
035 |a BOOK00026919 
090 |a 26600 
100 |a 20011209d2000 m y0rusy50 ca 
101 0 |a rus 
102 |a RU 
105 |a y j 001zy 
200 1 |a Тесты, деловые игры, тренинги в управлении персоналом  |e учебник для вузов  |f В. П. Пугачев 
210 |a Москва  |c Аспект Пресс  |d 2000 
215 |a 285 с. 
225 1 |a Управление персоналом 
320 |a Библиогр.: с. 279-281. 
610 1 |a экономика 
610 1 |a труд 
610 1 |a персонал 
610 1 |a управление 
610 1 |a менеджмент 
610 1 |a деловые игры 
610 1 |a тесты 
610 1 |a тренинги 
610 1 |a учебные пособия 
686 |a У9(2)240я73  |v LBC/SL-A  |2 rubbk 
700 1 |a Пугачев  |b В. П.  |g Василий Павлович 
801 0 |a RU  |b 63413507  |c 20011209  |g PSBO 
801 2 |a RU  |b 63413507  |c 20120208  |g PSBO 
900 |a Основы делового администрирования 
900 |a Психологический практикум 
942 |c BK